[Event "London Classic Open 2017"]
[Site "London ENG"]
[Date "2017.12.02"]
[Round "1.100"]
[White "Brooks, Phil J"]
[Black "Dias, Savin"]
[Result "1-0"]
[WhiteElo "2192"]
[BlackElo "1723"]
[WhiteFideId "405540"]
[BlackFideId "442399"]
[EventDate "2017.12.02"]

1. d4 Nf6 2. c4 e6 3. Nc3 Bb4 4. Qc2 O-O 5. a3 Bxc3+ 6. Qxc3 b6 7. Bg5 Bb7 8. f3
d5 9. e3 Nbd7 10. Bd3 h6 11. Bh4 c5 12. cxd5 cxd4 13. Qxd4 e5 14. Qc3 Bxd5 15.
e4 Nxe4 16. Bxe4 Qxh4+ 17. g3 Qg5 18. Bxd5 Rac8 19. Qd2 Qxd2+ 20. Kxd2 Rfd8 21.
Be4 Nc5+ 22. Ke3 Nxe4 23. fxe4 Rc2 24. Nf3 Rxb2 25. Rhd1 Rb3+ 26. Ke2 Rxd1 27.
Rxd1 Rxa3 28. Nxe5 Ra2+ 29. Rd2 Rxd2+ 30. Kxd2 f6 31. Nc6 a6 32. Ne7+ Kf7 33.
Nd5 b5 34. Nc7 Kg6 35. Nxa6 f5 36. Ke3 fxe4 37. Kxe4 h5 38. Kf4 Kf6 39. Nc7 g5+
40. Ke4 g4 41. Kf4 Kg6 42. Nxb5 h4 43. Kxg4 hxg3 44. hxg3 Kh6 45. Kf5 Kh5 46.
g4+ Kh6 47. Kf6 Kh7 48. g5 Kh8 49. g6 Kg8 50. g7 1-0

[Event "London Classic Open 2017"]
[Site "London ENG"]
[Date "2017.12.02"]
[Round "1.101"]
[White "Jaufarally, Nadia"]
[Black "Luncasu, Raul-Ionut"]
[Result "0-1"]
[WhiteElo "1723"]
[BlackElo "2191"]
[WhiteFideId "443727"]
[BlackFideId "1206222"]
[EventDate "2017.12.02"]

1. e4 c5 2. Nf3 d6 3. d4 cxd4 4. Nxd4 Nf6 5. Be3 Nxe4 6. Bd3 Nf6 7. f3 Nc6 8.
Nc3 d5 9. Qe2 e6 10. a3 Be7 11. g4 e5 12. Nxc6 bxc6 13. Bf2 Nd7 14. h4 O-O 15.
O-O-O Re8 16. Rdg1 Qc7 17. g5 Nc5 18. h5 Nxd3+ 19. Qxd3 Be6 20. Rg2 Qd7 21. Be1
Bf5 22. Qe2 Bf8 23. Bd2 Rab8 24. Qf2 Qb7 25. b4 a5 26. Na2 axb4 27. axb4 Qa6 28.
Kb2 0-1

[Event "London Classic Open 2017"]
[Site "London ENG"]
[Date "2017.12.02"]
[Round "1.102"]
[White "Ilfeld, Etan"]
[Black "Espinosa Cancino, Monica"]
[Result "1-0"]
[WhiteElo "2186"]
[BlackElo "1721"]
[WhiteFideId "2803470"]
[BlackFideId "22253025"]
[EventDate "2017.12.02"]

1. e4 c5 2. Nf3 d6 3. d4 cxd4 4. Nxd4 Nf6 5. Nc3 a6 6. f3 e5 7. Nb3 Be6 8. Be3
Be7 9. Qd2 O-O 10. O-O-O b5 11. g4 Nbd7 12. g5 Ne8 13. h4 Nb6 14. Nd5 Nxd5 15.
exd5 Bd7 16. f4 f6 17. Na5 Qc7 18. Bg2 Bd8 19. Nc6 Rc8 20. fxe5 fxe5 21. Rdf1
Bxc6 22. Rxf8+ Kxf8 23. Rf1+ Kg8 24. dxc6 Bf6 25. gxf6 Nxf6 26. Bg5 Rf8 27. Bxf6
Rxf6 28. Bd5+ Kh8 29. Rxf6 gxf6 30. Qh6 Qe7 31. c7 1-0

[Event "London Classic Open 2017"]
[Site "London ENG"]
[Date "2017.12.02"]
[Round "1.103"]
[White "Cotter, Len"]
[Black "Oyama, Akito"]
[Result "0-1"]
[WhiteElo "1700"]
[BlackElo "2185"]
[WhiteFideId "431419"]
[BlackFideId "7001630"]
[EventDate "2017.12.02"]

1. d4 Nf6 2. Nf3 e6 3. Bg5 Be7 4. e3 b6 5. c4 Bb7 6. Bd3 Ne4 7. Bxe7 Qxe7 8. O-O
O-O 9. Nbd2 f5 10. Re1 d6 11. Rc1 Nd7 12. b4 a5 13. a3 axb4 14. axb4 Kh8 15. Bf1
Ndf6 16. Nxe4 Nxe4 17. Nd2 Ng5 18. g3 Ra2 19. Bg2 Bxg2 20. Kxg2 c5 21. Rc2 Qb7+
22. f3 Ra3 23. h4 Nf7 24. b5 h6 25. Qc1 Rfa8 26. Rc3 Ra2 27. Rc2 R8a4 28. Rxa2
Rxa2 29. Re2 Qa8 30. Kf2 Qa4 31. Nb1 Ra1 32. Rb2 cxd4 33. exd4 e5 34. Ke3 exd4+
35. Kxd4 Ne5 36. f4 Ng4 37. Qd2 Qa8 38. Qe2 Qc8 39. Nd2 Qc5+ 40. Kc3 d5 41. Nf3
Ne3 42. Ne5 Rc1+ 43. Kd2 Rd1+ 44. Kc3 Qa3+ 45. Rb3 d4# 0-1

[Event "London Classic Open 2017"]
[Site "London ENG"]
[Date "2017.12.02"]
[Round "1.104"]
[White "Hill, Alistair"]
[Black "Lovell, William Pm"]
[Result "1/2-1/2"]
[WhiteElo "2179"]
[BlackElo "1688"]
[WhiteFideId "432407"]
[BlackFideId "431060"]
[EventDate "2017.12.02"]

1. c4 e5 2. g3 Nf6 3. Bg2 Be7 4. Nc3 O-O 5. Nf3 Nc6 6. d3 Re8 7. O-O d6 8. Rb1
a5 9. a3 Bf8 10. Ne1 Be6 11. Bg5 Be7 12. Nc2 Qc8 13. Re1 h6 14. Bd2 Nh7 15. Ne3
Bg5 16. h4 Bxe3 17. Bxe3 f5 18. b4 axb4 19. axb4 Rf8 20. b5 Ne7 21. Bd2 f4 22.
Ne4 Bh3 23. e3 Bxg2 24. Kxg2 f3+ 1/2-1/2

[Event "London Classic Open 2017"]
[Site "London ENG"]
[Date "2017.12.02"]
[Round "1.105"]
[White "Dror, Levi"]
[Black "Sumit, Kumar"]
[Result "0-1"]
[WhiteElo "1677"]
[BlackElo "2176"]
[WhiteFideId "2809583"]
[BlackFideId "5054010"]
[EventDate "2017.12.02"]

1. e4 e5 2. Nf3 Nc6 3. Bc4 Bc5 4. O-O Nf6 5. d3 d6 6. h3 h6 7. c3 Bb6 8. Na3 Ne7
9. Nc2 c6 10. Re1 O-O 11. Bb3 Ng6 12. Be3 Bc7 13. Qd2 Kh7 14. Rad1 Nh5 15. d4
Qf6 16. dxe5 dxe5 17. Nh2 Nhf4 18. Bxf4 Nxf4 19. Ne3 Kh8 20. Rf1 b6 21. Qe1 a5
22. f3 a4 23. Bc2 b5 24. Rd2 Ba6 25. Kh1 Qe6 26. Qg3 g6 27. b3 Bb6 28. Neg4 h5
29. Nf2 Be3 30. Rdd1 Ne2 31. Qh4 Bf4 32. Nhg4 Ng3+ 0-1

[Event "London Classic Open 2017"]
[Site "London ENG"]
[Date "2017.12.02"]
[Round "1.106"]
[White "Osborne, Marcus E"]
[Black "Chidi, Lovinia Sylvia"]
[Result "1-0"]
[WhiteElo "2175"]
[BlackElo "1676"]
[WhiteFideId "404608"]
[BlackFideId "1270574"]
[EventDate "2017.12.02"]

1. c4 c5 2. Nc3 Nc6 3. e3 e6 4. d4 cxd4 5. exd4 d5 6. Nf3 Nf6 7. c5 b6 8. Bb5
Bb7 9. Bxc6+ Bxc6 10. Ne5 Qc7 11. b4 bxc5 12. bxc5 Be7 13. Bf4 Qc8 14. Qe2 O-O
15. Nxc6 Qxc6 16. Qb5 Rfc8 17. Qxc6 Rxc6 18. h3 Ne8 19. Kd2 Bd8 20. Rab1 Bc7 21.
Bxc7 Nxc7 22. f4 g6 23. Rb7 Kg7 24. Rhb1 h6 25. Rb8 Rxb8 26. Rxb8 Kf6 27. Rb7
Kf5 28. Ke3 h5 29. Nb5 g5 30. Rxc7 gxf4+ 31. Kf3 1-0

[Event "London Classic Open 2017"]
[Site "London ENG"]
[Date "2017.12.02"]
[Round "1.107"]
[White "Voiculescu-Holvad, Stefan"]
[Black "Stone, Andrew M"]
[Result "1/2-1/2"]
[WhiteElo "1671"]
[BlackElo "2170"]
[WhiteFideId "20692005"]
[BlackFideId "404985"]
[EventDate "2017.12.02"]

1. d4 Nf6 2. c4 e6 3. g3 d5 4. Nf3 Bb4+ 5. Bd2 Bd6 6. Bg2 c6 7. Qc2 Ne4 8. Nc3
Nxd2 9. Nxd2 f5 10. O-O O-O 11. e3 Nd7 12. f3 Bc7 13. Rac1 Nf6 14. Qd3 dxc4 15.
Qxc4 Kh8 16. Nb3 h5 17. Nc5 Nd5 18. Nxd5 exd5 19. Qd3 Rf6 20. f4 h4 21. Kf2 a5
22. Qd1 Rh6 23. Rh1 Qe7 24. Nd3 Be6 25. Ne5 Bxe5 26. dxe5 c5 27. Qc2 b6 28. Rhd1
Rd8 29. Qb3 d4 30. Qxb6 hxg3+ 31. hxg3 Bd5 32. Rh1 dxe3+ 33. Kxe3 Bxg2 34. Rxh6+
gxh6 35. Qxh6+ Kg8 36. Qg6+ Qg7 37. Qxg7+ Kxg7 38. Rxc5 Be4 39. Rxa5 Rd3+ 40.
Ke2 Rxg3 41. b4 Rf3 1/2-1/2

[Event "London Classic Open 2017"]
[Site "London ENG"]
[Date "2017.12.02"]
[Round "1.108"]
[White "Brozel, Sacha"]
[Black "Gu, In Jung"]
[Result "1-0"]
[WhiteElo "2168"]
[BlackElo "1664"]
[WhiteFideId "429317"]
[BlackFideId "13200232"]
[EventDate "2017.12.02"]

1. c4 e6 2. g3 f5 3. Bg2 Nf6 4. d3 Be7 5. Nc3 d6 6. e4 fxe4 7. dxe4 O-O 8. Nge2
a5 9. O-O Na6 10. h3 e5 11. Be3 Qe8 12. Nd5 Bd8 13. Nec3 Be6 14. Qe2 Qg6 15. Kh2
Nd7 16. f4 c6 17. f5 Bxf5 18. exf5 Qe8 19. f6 gxf6 20. Bh6 cxd5 21. Bxd5+ Kh8
22. Ne4 Be7 23. Bxf8 Qxf8 24. Ng5 fxg5 25. Rxf8+ Rxf8 26. Rf1 Nf6 27. a3 b6 28.
Bg2 Kg7 29. Qe3 h6 30. Qxb6 Nc5 31. Qxa5 Nb3 32. Qa7 Rf7 33. Bd5 Nd2 34. Rxf6
Kxf6 35. Qf2+ 1-0

[Event "London Classic Open 2017"]
[Site "London ENG"]
[Date "2017.12.02"]
[Round "1.109"]
[White "Sheedy, Shane"]
[Black "Caglar, Sila"]
[Result "0-1"]
[BlackTitle "WFM"]
[WhiteElo "1620"]
[BlackElo "2167"]
[WhiteFideId "2507536"]
[BlackFideId "6364063"]
[EventDate "2017.12.02"]

1. e4 c5 2. Nf3 e6 3. d4 cxd4 4. Nxd4 Nc6 5. Nc3 Qc7 6. Ndb5 Qb8 7. Be2 a6 8.
Nd4 Nf6 9. f3 Be7 10. Be3 d6 11. O-O Bd7 12. Na4 Nxd4 13. Qxd4 e5 14. Qb4 b5 15.
Nb6 d5 16. Bc5 Qxb6 0-1

[Event "London Classic Open 2017"]
[Site "London ENG"]
[Date "2017.12.02"]
[Round "1.110"]
[White "Pein, Jonathan"]
[Black "Thatte, Nishchal"]
[Result "1-0"]
[WhiteElo "2165"]
[BlackElo "1617"]
[WhiteFideId "417092"]
[BlackFideId "447234"]
[EventDate "2017.12.02"]

1. Nf3 Nf6 2. b3 d5 3. Bb2 c5 4. g3 Nc6 5. Bg2 Bf5 6. d3 e6 7. Nbd2 Be7 8. Nh4
Bg6 9. Nxg6 hxg6 10. e4 Qc7 11. O-O O-O-O 12. exd5 exd5 13. Nf3 Rh5 14. Qe2 Re8
15. Rae1 c4 16. dxc4 Bb4 17. Qxe8+ Nxe8 18. Rxe8+ Nd8 19. Rd1 f6 20. g4 Rh7 21.
Rxd5 Bd6 22. h3 Qd7 23. Re2 Ne6 24. Red2 Kc7 25. Ba3 Bh2+ 26. Nxh2 Qf7 27. Bd6+
Kc8 28. Bg3 f5 29. Nf3 f4 30. Bh4 g5 31. Nxg5 Nxg5 32. Bxg5 f3 33. Rf5 Qg6 34.
Rf8+ Kc7 35. Bd8+ Kc6 36. Bxf3+ Kc5 37. Be7+ Kb6 38. Rd6+ Qxd6 39. Bxd6 a5 40.
Rf7 Rh6 41. Rxb7+ Ka6 42. c5 Rxh3 43. Rb6+ Ka7 44. Bb8# 1-0

[Event "London Classic Open 2017"]
[Site "London ENG"]
[Date "2017.12.02"]
[Round "1.111"]
[White "Cheung, Ryan"]
[Black "Healey, Michael W"]
[Result "0-1"]
[WhiteElo "1610"]
[BlackElo "2163"]
[WhiteFideId "1804995"]
[BlackFideId "410012"]
[EventDate "2017.12.02"]

1. d4 Nf6 2. c4 Nc6 3. Nf3 e6 4. Nc3 Bb4 5. Bd2 O-O 6. e3 d6 7. Qc2 e5 8. d5 Ne7
9. e4 a6 10. Be2 Bd7 11. a3 Bc5 12. b4 Ba7 13. O-O Ng6 14. Be3 Bxe3 15. fxe3 Qb8
16. h3 Qa7 17. Qd2 h6 18. Kh2 Nh7 19. Ne1 Ng5 20. Nd3 f5 21. Bh5 Ne7 22. exf5
Bxf5 23. h4 Ne4 24. Nxe4 Bxe4 25. Nf2 Bh7 26. e4 a5 27. Bf3 axb4 28. axb4 Qxa1
29. Rxa1 Rxa1 30. c5 b6 31. cxd6 cxd6 32. Qe3 Rb8 33. Qc3 Ra7 34. Qe3 Bg6 35.
Bg4 Ra2 36. Nd1 Be8 37. Kh3 Ng6 38. g3 Bb5 39. Bf5 Bf1+ 40. Kg4 Be2+ 41. Kh3 Nf8
42. Nc3 Bf1+ 43. Kg4 Rc2 44. Na4 Be2+ 45. Kh3 Ra8 46. Qb3 Bf1+ 47. Kg4 Rh2 48.
Kf3 g6 49. Be6+ Nxe6 50. dxe6 Rf8+ 51. Ke3 Re2+ 52. Kd3 Rf3+ 53. Kc4 Rxe4+ 0-1

[Event "London Classic Open 2017"]
[Site "London ENG"]
[Date "2017.12.02"]
[Round "1.112"]
[White "Schut, Han"]
[Black "Lee, Chulwoo"]
[Result "1-0"]
[WhiteElo "2161"]
[BlackElo "1607"]
[WhiteFideId "1005561"]
[BlackFideId "34117277"]
[EventDate "2017.12.02"]

1. e4 e5 2. Nf3 Nc6 3. Bc4 Bc5 4. b4 Bxb4 5. c3 Bc5 6. d4 exd4 7. O-O Bb6 8.
cxd4 h6 9. Bb2 Na5 10. Bxf7+ Kf8 11. Ne5 Rh7 12. Bg6 Nf6 13. Bxh7 Nxh7 14. Qh5
Qf6 15. d5 Kg8 16. Nd2 d6 17. Nec4 Qg5 18. Qxg5 Nxg5 19. Nxb6 axb6 20. Bd4 b5
21. f4 Nf7 22. e5 c5 23. e6 cxd4 24. exf7+ Kxf7 25. Nf3 d3 26. Nd4 Nc4 27. Rfd1
d2 28. h3 b4 29. Nb3 Bf5 30. Nxd2 Ne3 31. Rdc1 Nxd5 32. Nc4 Ra6 33. Rd1 Be4 34.
Rd4 Nc3 35. Rxd6 Bc6 36. Ne5+ Ke7 37. Rd2 Bd5 38. Re1 Bxa2 39. Nc6+ Kf7 40. Rd7+
Kf6 41. Rd6+ Kf5 42. Re5+ 1-0

[Event "London Classic Open 2017"]
[Site "London ENG"]
[Date "2017.12.02"]
[Round "1.113"]
[White "Parry, Jacques"]
[Black "Mcgowan, Daniel"]
[Result "0-1"]
[WhiteElo "1596"]
[BlackElo "2155"]
[WhiteFideId "425923"]
[BlackFideId "2401479"]
[EventDate "2017.12.02"]

1. e4 e6 2. d4 d5 3. Nd2 c5 4. exd5 exd5 5. Ngf3 Nf6 6. Bb5+ Bd7 7. Qe2+ Be7 8.
dxc5 O-O 9. O-O Bxc5 10. Bxd7 Nbxd7 11. Nb3 Bd6 12. Bg5 Qb6 13. Bh4 Ne4 14. c3
Ndf6 15. Rad1 Rac8 16. Nbd4 Rfe8 17. Qc2 Bc5 18. Qb3 Qc7 19. Qc2 a6 20. Nf5 Qf4
21. N5d4 b5 22. Ne2 Qg4 23. h3 Qh5 24. Ng3 Qg6 25. Nd4 Bxd4 26. Rxd4 Nxg3 0-1

[Event "London Classic Open 2017"]
[Site "London ENG"]
[Date "2017.12.02"]
[Round "1.114"]
[White "Ethelontis, Alexandros N"]
[Black "Haddock, Paul"]
[Result "1-0"]
[WhiteElo "2154"]
[BlackElo "1576"]
[WhiteFideId "405469"]
[BlackFideId "419150"]
[EventDate "2017.12.02"]

1. c4 Nf6 2. g3 c5 3. Bg2 Nc6 4. Nc3 g6 5. a3 Bg7 6. Rb1 a5 7. Nh3 d6 8. Nf4 e6
9. O-O O-O 10. d3 Bd7 11. Bd2 Rb8 12. Nb5 Qe7 13. e3 b6 14. Qb3 Ne5 15. d4 Bxb5
16. dxe5 dxe5 17. Nxg6 hxg6 18. Qxb5 Qd7 19. Qxd7 Nxd7 20. Rfd1 Rbd8 21. Bc3 f5
22. Rd6 e4 23. Bxg7 Kxg7 24. Rbd1 Rf7 25. Rxe6 Rf6 26. Re7+ Rf7 27. Re6 Rf6 28.
Red6 Rxd6 29. Rxd6 Kf7 30. f3 exf3 31. Bxf3 g5 32. Bc6 Ke7 33. Rxd7+ Rxd7 34.
Bxd7 Kxd7 35. h4 gxh4 36. gxh4 Ke6 37. Kf2 Kf6 38. Kf3 1-0

[Event "London Classic Open 2017"]
[Site "London ENG"]
[Date "2017.12.02"]
[Round "1.115"]
[White "Rushbrooke, Tibo"]
[Black "Van Zyl-Rudd, Jack"]
[Result "0-1"]
[BlackTitle "FM"]
[WhiteElo "1570"]
[BlackElo "2153"]
[WhiteFideId "433900"]
[BlackFideId "14309017"]
[EventDate "2017.12.02"]

1. e4 c5 2. f4 Nc6 3. Nc3 g6 4. Nf3 Bg7 5. Bc4 e6 6. O-O Nge7 7. Qe1 O-O 8. d3
d5 9. Bb3 Nd4 10. Nxd4 cxd4 11. Nd1 dxe4 12. dxe4 b6 13. Nf2 a5 14. a4 Bb7 15.
Nd3 Qc7 16. Qe2 Qc6 17. Re1 Ba6 18. Bd2 Rac8 19. Qf3 Bc4 20. Rac1 Bxb3 21. cxb3
Qd7 22. Ne5 Qb7 23. b4 axb4 24. Bxb4 Rxc1 25. Rxc1 Ra8 26. b3 f6 27. Nc4 Nc8 28.
Nd6 Nxd6 29. Bxd6 Rc8 30. Rxc8+ Qxc8 31. Qd3 Qc1+ 32. Qf1 Qe3+ 33. Kh1 Qxe4 34.
Qc1 h5 35. Bc7 d3 36. Bxb6 f5 37. Qd2 Bf8 38. Ba5 Bc5 39. Qc3 Qe3 40. Qe1 Qxe1+
41. Bxe1 Be3 42. b4 d2 43. Bxd2 Bxd2 44. b5 Ba5 45. Kg1 Kf7 46. Kf2 e5 47. fxe5
Ke6 48. Kf3 Kxe5 49. h3 g5 50. g4 hxg4+ 51. hxg4 f4 0-1

[Event "London Classic Open 2017"]
[Site "London ENG"]
[Date "2017.12.02"]
[Round "1.116"]
[White "Stanisz, Patryk"]
[Black "Lee, Kyung Chan"]
[Result "1-0"]
[WhiteElo "2150"]
[BlackElo "1552"]
[WhiteFideId "1123106"]
[BlackFideId "13205048"]
[EventDate "2017.12.02"]

1. Nf3 d5 2. d4 Nf6 3. c4 dxc4 4. e3 e6 5. Bxc4 c5 6. O-O Be7 7. Qe2 O-O 8. Rd1
Qc7 9. Nc3 a6 10. a4 Nbd7 11. Bb3 b6 12. e4 cxd4 13. Nxd4 Bb7 14. Bg5 h6 15. Bh4
Nc5 16. Bc2 Nfxe4 17. Ncb5 axb5 18. Nxb5 Qc6 19. Bxe7 Rfe8 20. Bxc5 Nxc5 21. f3
Ba6 22. b4 Nd7 23. Be4 1-0

[Event "London Classic Open 2017"]
[Site "London ENG"]
[Date "2017.12.02"]
[Round "1.117"]
[White "Haynes, Noah"]
[Black "Olson, Hamish"]
[Result "1/2-1/2"]
[WhiteElo "1535"]
[BlackElo "2146"]
[WhiteFideId "1543172"]
[BlackFideId "2404257"]
[EventDate "2017.12.02"]

1. d4 d6 2. c4 e5 3. dxe5 dxe5 4. Qxd8+ Kxd8 5. Nc3 Be6 6. b3 Nd7 7. Nf3 f6 8.
g3 c6 9. Bg2 Kc7 10. O-O Nc5 11. Be3 a5 12. Nd2 Nh6 13. Bxh6 gxh6 14. Nde4 Nxe4
15. Nxe4 f5 16. Nc3 Bb4 17. Rac1 Rad8 18. Nd5+ Kd6 19. Nxb4 axb4 20. c5+ Ke7 21.
Rfd1 Rxd1+ 22. Rxd1 Ra8 23. Rd2 Ra5 24. Rc2 e4 25. e3 Bd5 26. Kf1 Kf6 27. Ke2
Bf7 28. g4 Be6 29. gxf5 Bxf5 30. Ke1 Ke5 31. Bf1 h5 32. h4 Bg4 33. Be2 Kd5 34.
Bxg4 hxg4 35. Rc4 Rxa2 36. Rxb4 Ra1+ 37. Ke2 Rh1 38. Rxb7 Rxh4 39. Re7 Rh1 40.
Rg7 Kxc5 41. Rxg4 Kd5 42. Rg5+ Ke6 43. Rc5 Kd6 44. Rc4 Kd5 45. Rd4+ Ke5 46. Rc4
Rh6 47. b4 Rd6 48. Rc5+ Kf6 49. Rh5 Rd7 50. Rh6+ Ke5 51. Rxc6 Rb7 1/2-1/2

[Event "London Classic Open 2017"]
[Site "London ENG"]
[Date "2017.12.02"]
[Round "1.118"]
[White "Marusenko, Petr"]
[Black "Lie, Terje"]
[Result "1-0"]
[WhiteTitle "IM"]
[WhiteElo "2145"]
[BlackElo "1527"]
[WhiteFideId "14100606"]
[BlackFideId "1504916"]
[EventDate "2017.12.02"]

1. d4 Nf6 2. c4 e6 3. Nc3 Bb4 4. e3 O-O 5. Bd3 d5 6. Nf3 Bxc3+ 7. bxc3 Nbd7 8.
O-O c6 9. cxd5 exd5 10. c4 Re8 11. cxd5 Nxd5 12. e4 Nc3 13. Qc2 Nb5 14. Bb2 Nf8
15. a4 Nc7 16. Rac1 Nce6 17. Qd2 Ng6 18. g3 Nef8 19. Ne1 Bh3 20. Ng2 Ne6 21. Qe3
Qb6 22. Bc3 Rad8 23. a5 Qc7 24. d5 cxd5 25. Bxg7 Qxa5 26. Bf6 d4 27. Qh6 Bxg2
28. Kxg2 Qa3 29. Bb5 Qf8 30. Qd2 Ne7 31. Bxe8 Qxe8 32. f4 Rc8 33. Rxc8 Nxc8 34.
f5 Nc5 35. Qg5+ 1-0

[Event "London Classic Open 2017"]
[Site "London ENG"]
[Date "2017.12.02"]
[Round "1.119"]
[White "Levy, Christopher A"]
[Black "Gayson, Peter M"]
[Result "0-1"]
[WhiteElo "1526"]
[BlackElo "2145"]
[WhiteFideId "431320"]
[BlackFideId "401838"]
[EventDate "2017.12.02"]

1. d4 f5 2. e4 fxe4 3. Nc3 Nf6 4. Bg5 e6 5. Nxe4 Be7 6. Bxf6 Bxf6 7. Nf3 O-O 8.
Qd2 Be7 9. O-O-O d5 10. Neg5 h6 11. h4 hxg5 12. Nxg5 Qd6 13. g3 e5 14. dxe5 Qxe5
15. Re1 Qd6 16. Rxe7 Qxe7 17. Qxd5+ Kh8 18. Bc4 Nd7 19. Qd3 Nf6 20. h5 b5 21.
Qg6 Bb7 22. f3 bxc4 23. h6 Kg8 24. Ne6 Rf7 25. Ng5 Raf8 26. hxg7 Rxg7 27. Qh6
Nh7 28. Nxh7 Rxh7 29. Qg6+ Rg7 30. Qh6 Qg5+ 0-1

[Event "London Classic Open 2017"]
[Site "London ENG"]
[Date "2017.12.02"]
[Round "1.120"]
[White "Pedersen, Carsten"]
[Black "Perez Bolanos, Joel"]
[Result "1-0"]
[WhiteElo "2144"]
[BlackElo "1519"]
[WhiteFideId "1409760"]
[BlackFideId "24564419"]
[EventDate "2017.12.02"]

1. e4 c5 2. Nc3 Nc6 3. g3 g6 4. Bg2 Bg7 5. d3 d6 6. f4 e6 7. Nf3 Nge7 8. O-O O-O
9. Be3 Rb8 10. Rb1 b5 11. a3 a5 12. a4 b4 13. Nb5 Ba6 14. c4 f5 15. exf5 exf5
16. Re1 Nc8 17. Ng5 Qd7 18. Ne6 Re8 19. Nbc7 Rxe6 20. Nxe6 Bf6 21. Bd5 Kh8 22.
d4 Nb6 23. dxc5 Bxc4 24. cxb6 Bxd5 25. Qxd5 Ne7 26. Qb3 1-0

[Event "London Classic Open 2017"]
[Site "London ENG"]
[Date "2017.12.02"]
[Round "1.121"]
[White "Barlov, Alex"]
[Black "Sedykh, Mikhail"]
[Result "0-1"]
[WhiteElo "1502"]
[BlackElo "2143"]
[WhiteFideId "446602"]
[BlackFideId "447498"]
[EventDate "2017.12.02"]

1. e4 c5 2. c3 Nf6 3. e5 Nd5 4. d4 cxd4 5. Nf3 Nc6 6. cxd4 d6 7. Bc4 Nb6 8. Bb5
dxe5 9. Nxe5 Bd7 10. Nxd7 Qxd7 11. O-O e6 12. Nc3 Be7 13. Qg4 Bf6 14. Rd1 a6 15.
Bxc6 Qxc6 16. d5 Qc4 17. Qxc4 Nxc4 18. dxe6 fxe6 19. Ne4 Ke7 20. Nxf6 gxf6 21.
b3 Rhd8 22. Bf4 Nb2 23. Rxd8 Rxd8 24. Kf1 Nd3 25. Be3 Rc8 26. Rd1 Nb4 27. Rc1
Rxc1+ 28. Bxc1 Nxa2 29. Bd2 Kd6 30. Ke2 Kc5 31. Kd3 Nb4+ 32. Kc3 Nd5+ 33. Kd3 b5
34. g4 b4 35. h4 a5 36. f4 Ne7 37. Be3+ Kb5 38. Bd4 Nd5 39. f5 e5 40. Bxe5 fxe5
41. g5 a4 42. bxa4+ Kxa4 43. f6 Nf4+ 44. Kc2 Ng6 45. h5 Nf8 46. f7 b3+ 47. Kb1
e4 48. g6 hxg6 49. hxg6 Nxg6 50. f8=B Nxf8 51. Kb2 e3 52. Kc3 e2 53. Kd2 b2 0-1

[Event "London Classic Open 2017"]
[Site "London ENG"]
[Date "2017.12.02"]
[Round "1.122"]
[White "Hand, Freddie"]
[Black "Perez Bolanos, David"]
[Result "1-0"]
[WhiteElo "2139"]
[BlackElo "1496"]
[WhiteFideId "436950"]
[BlackFideId "24564400"]
[EventDate "2017.12.02"]

1. d4 Nf6 2. c4 e6 3. Nc3 Bb4 4. e3 O-O 5. Ne2 d5 6. a3 Be7 7. cxd5 exd5 8. Nf4
c6 9. Bd3 Re8 10. O-O Bd6 11. f3 Qb6 12. Bc2 Qc7 13. g3 Bxf4 14. exf4 g6 15. f5
Bxf5 16. Bxf5 gxf5 17. Bf4 Qc8 18. Qd2 Re6 19. Rac1 Qd7 20. Ne2 Na6 21. Be5 Ne8
22. Nf4 f6 23. Nxe6 Qxe6 24. Bf4 Nd6 25. Rfe1 Qd7 26. Bxd6 Qxd6 27. Re2 Kg7 28.
Rce1 Rf8 29. Re7+ Rf7 30. Rxf7+ Kxf7 31. Qh6 Kg8 32. Re8+ Kf7 33. Rh8 Nc7 34.
Rxh7+ Ke8 35. Qg7 Qf8 36. Qd7# 1-0

[Event "London Classic Open 2017"]
[Site "London ENG"]
[Date "2017.12.02"]
[Round "1.123"]
[White "McManus, Gordon"]
[Black "Woong, Zhi Wei William"]
[Result "0-1"]
[BlackTitle "CM"]
[WhiteElo "1470"]
[BlackElo "2137"]
[WhiteFideId "432857"]
[BlackFideId "5804906"]
[EventDate "2017.12.02"]

1. d4 d5 2. Nf3 Nf6 3. e3 e6 4. Bd3 b6 5. O-O Bb7 6. Nbd2 Bd6 7. Re1 Ne4 8. Ne5
Bxe5 9. dxe5 Nxd2 10. Bxd2 Ba6 11. Bxa6 Nxa6 12. Bc3 Nc5 13. Bd4 Nd7 14. Qg4 O-O
15. Rad1 c5 16. Bc3 Qc7 17. Qg3 b5 18. b3 a5 19. Ra1 b4 20. Bb2 Rfc8 21. Rec1 a4
22. a3 bxa3 23. Rxa3 axb3 24. Rxa8 Rxa8 25. cxb3 Ra2 26. Rb1 Qa5 27. Qf3 Rxb2 0-1

[Event "London Classic Open 2017"]
[Site "London ENG"]
[Date "2017.12.02"]
[Round "1.124"]
[White "Paquico Rodriguez, Ivan"]
[Black "Hung, Dylan"]
[Result "1-0"]
[WhiteElo "2137"]
[BlackElo "1400"]
[WhiteFideId "2256320"]
[BlackFideId "426423"]
[EventDate "2017.12.02"]

1. d4 d5 2. c4 c6 3. Nf3 Nf6 4. e3 e6 5. b3 Nbd7 6. Bb2 c5 7. Bd3 Bd6 8. O-O O-O
9. Nbd2 Qc7 10. Rc1 b6 11. cxd5 Nxd5 12. e4 Nb4 13. Bb1 Ba6 14. Nc4 Bf4 15. Rc3
b5 16. Ne3 c4 17. a3 Bxe3 18. fxe3 Nc6 19. e5 Nb6 20. Bxh7+ Kh8 21. Be4 Rac8 22.
Ng5 1-0

[Event "London Classic Open 2017"]
[Site "London ENG"]
[Date "2017.12.02"]
[Round "1.126"]
[White "Abrahams, Daniel"]
[Black "Othman, Wael"]
[Result "1-0"]
[WhiteElo "2130"]
[BlackElo "1343"]
[WhiteFideId "2606879"]
[BlackFideId "10302158"]
[EventDate "2017.12.02"]

1. c4 d6 2. g3 Nf6 3. Bg2 g6 4. Nc3 c6 5. Nf3 Bg7 6. Rb1 O-O 7. b4 Bf5 8. d3 Ng4
9. Qb3 Nd7 10. O-O h6 11. h3 Nge5 12. Nd4 c5 13. Nxf5 gxf5 14. b5 b6 15. Bxa8
Qxa8 16. Nd5 Qd8 17. Bd2 Kh7 18. a4 e6 19. Nf4 Ng6 20. Nh5 Bh8 21. Qa3 Nf6 22.
Nxf6+ Bxf6 23. a5 Rg8 24. axb6 Qxb6 25. Qa6 Qb8 26. b6 axb6 27. Rxb6 Qa8 28.
Rfb1 f4 29. Qxa8 Rxa8 30. Bxf4 Nxf4 31. gxf4 Rg8+ 32. Kf1 Be7 33. Rb7 Re8 34.
Rd7 Kg6 35. Rbb7 Kf6 36. e4 e5 37. f5 Bf8 38. h4 Re7 39. Rxd6+ Re6 40. Rdd7 Re7
41. Rb6+ Kg7 42. f6+ Kg8 43. fxe7 Bxe7 44. Rxe7 Kf8 45. Rbb7 h5 46. Rxf7+ Kg8
47. Rfc7 1-0